Pääkaupungit viimeisen kirjaimen mukaan - Statistics

Yleistilastot
  • Tätä visaa on pelattu 643 kertaa
  • Keskiarvotulos 11 / 19
Vastaustilastot
Kirjain # Pääkaupunki % Oikein
A 60 Abuja | Accra | Addis Abeba | Andorra la Vella | Ankara | Apia | Asmara | Astana | Ateena | Bogotá | Brasília | Bratislava | Canberra | Dhaka | Dodoma | Doha | Gitega | Guatemala | Havanna | Honiara | Jakarta | Juba | Kampala | Kinshasa | Kiova | Kööpenhamina | Lima | Ljubljana | Luanda | Lusaka | Managua | Manama | Manila | Monrovia | Moskova | N'Djamena | Nikosia | Nuku'alofa | Ottawa | Panama | Podgorica | Port Vila | Praha | Praia | Pretoria | Pristina | Riika | Rooma | Sanaa | Sofia | South Tarawa | Suva | Tallinna | Tegucigalpa | Tirana | Tukholma | Valletta | Varsova | Victoria | Vilna
99%
I 18 Abu Dhabi | Bangui | Berliini | Dili | Djibouti | Funafuti | Hanoi | Helsinki | Kapkaupunki | Kigali | Moroni | Nairobi | New Delhi | Pariisi | Taipei | Tbilisi | Tripoli | Vatikaani
89%
O 20 Antananarivo | Bamako | Kairo | Lontoo | Majuro | Malabo | Maputo | México | Monaco | Montevideo | Oslo | Paramaribo | Porto-Novo | Quito | San Marino | Santiago | Santo Domingo | Sarajevo | Tokio | Yamoussoukro
86%
N 20 Amman | Asunción | Bandar Seri Begawan | Belmopan | Bern | Bloemfontein | Bridgetown | Dublin | Freetown | Georgetown | Jerevan | Kingston | Kingstown | Lissabon | Port of Spain |Teheran | Wellington | Wien | Yaren | Washington
82%
D 6 Bagdad | Belgrad | Islamabad | Madrid | Ngerulmud | Riad
78%
K 5 Bangkok | Biškek | Minsk | Reykjavik | Windhoek
70%
L 4 Banjul | Bryssel | Kabul | Soul
61%
G 3 Luxemburg | Peking | Pjongjang
60%
T 9 Ašgabat | Beirut | Budapest | Bukarest | Kuwait | Maskat | Nouakchott | Rabat | Taškent
55%
M 3 Amsterdam | Jerusalem | Khartum
52%
E 19 Basseterre | Brazzaville | Dušanbe | Gaborone | Harare | Libreville | Lilongwe | Lomé | Malé | Mbabane | Port-au-Prince | San José | São Tomé | Singapore | Skopje | Kotte | Vientiane | Yaoundé | Sucre
52%
S 8 Buenos Aires | Caracas | Castries | Damaskos | Port Louis | Saint John's | Saint George's | Tunis
52%
R 6 Alger | Dakar | Kuala Lumpur | Palikir | San Salvador | Ulaanbaatar
48%
U 11 Baku | Bissau | Chișinău | Cotonou | Kathmandu | Maseru | Mogadishu | Nassau | Ouagadougou | Roseau | Thimphu
48%
B 1 Zagreb
46%
Z 2 Vaduz | La Paz
40%
Y 3 Conakry | Niamey | Port Moresby
21%
H 1 Phnom Penh
20%
W 1 Naypyidaw
19%
Ehtoja vastaavia visoja ei löytynyt
Tulosjakauma
Jokaisen tuloksen saaneiden osuus
Persentiili vastausten määrän mukaan
Tuloshistoriasi
Et ole pelannut tätä visaa